Znaki przejścia dla pieszych w Europie - Statystyki

Ogólne statystyki
  • Ten quiz został rozwiązany 51 razy
  • Średni wynik to 5 z 32
Statystyki odpowiedzi
Obrazkowy Odpowiedź % Poprawnych
Polska
93%
Hiszpania
44%
Grecja
33%
Litwa
33%
Rosja
33%
Ukraina
30%
Estonia
22%
Islandia
19%
Niemcy
19%
Szwajcaria
19%
Szwecja
19%
Czechy
15%
Finlandia
15%
Irlandia
15%
Portugalia
15%
Belgia
11%
Luksemburg
11%
Wielka Brytania
11%
Austria
7%
Dania
7%
Francja
7%
Holandia
7%
Łotwa
7%
Norwegia
7%
Rumunia
7%
Włochy
7%
Bułgaria
4%
Słowacja
4%
Słowenia
4%
Węgry
4%
Serbia
0%
Turcja
0%
Nie znaleziono quizów pasujących do podanych kryteriów
Rozkład punktacji
Procent ludzi z każdym wynikiem
Percentyl według liczby udzielonych odpowiedzi
Twoja historia wyników
Nie rozwiązałeś tego quizu